Éducateurs et soignants : le risque d'un désengagement (notice n° 1667175)
[ vue normale ]
| 000 -LEADER | |
|---|---|
| fixed length control field | 01235cam a2200217 4500500 |
| 005 - DATE AND TIME OF LATEST TRANSACTION | |
| control field | 20260222003208.0 |
| 041 ## - LANGUAGE CODE | |
| Language code of text/sound track or separate title | fre |
| 042 ## - AUTHENTICATION CODE | |
| Authentication code | dc |
| 100 10 - MAIN ENTRY--PERSONAL NAME | |
| Personal name | Lefebvre, Madeleine |
| Relator term | author |
| 245 00 - TITLE STATEMENT | |
| Title | Éducateurs et soignants : le risque d'un désengagement |
| 260 ## - PUBLICATION, DISTRIBUTION, ETC. | |
| Date of publication, distribution, etc. | 2006.<br/> |
| 500 ## - GENERAL NOTE | |
| General note | 78 |
| 520 ## - SUMMARY, ETC. | |
| Summary, etc. | RésuméDeux témoignages de professionnels du soin et de l’éducatif évoquent les transformations récentes du contenu de leur travail sous les effets des nouvelles méthodes de management.Ils analysent les mutations culturelles et idéologiques de leur activité professionnelle, les changements profonds de la clinique. Ils évoquent l’envahissement des procédures qui font courir le risque de perdre de vue les relations aux usagers. Enfin, Ils témoignent des formes de désinvestissement qui menacent des professions pourtant historiquement fondées sur l’engagement. |
| 690 ## - LOCAL SUBJECT ADDED ENTRY--TOPICAL TERM (OCLC, RLIN) | |
| Topical term or geographic name as entry element | choc de culture |
| 690 ## - LOCAL SUBJECT ADDED ENTRY--TOPICAL TERM (OCLC, RLIN) | |
| Topical term or geographic name as entry element | contrôle et procédure |
| 690 ## - LOCAL SUBJECT ADDED ENTRY--TOPICAL TERM (OCLC, RLIN) | |
| Topical term or geographic name as entry element | désengagement |
| 690 ## - LOCAL SUBJECT ADDED ENTRY--TOPICAL TERM (OCLC, RLIN) | |
| Topical term or geographic name as entry element | relations aux usagers |
| 700 10 - ADDED ENTRY--PERSONAL NAME | |
| Personal name | Pagès, Martine |
| Relator term | author |
| 786 0# - DATA SOURCE ENTRY | |
| Note | Empan | 61 | 1 | 2006-04-13 | p. 92-96 | 1152-3336 |
| 856 41 - ELECTRONIC LOCATION AND ACCESS | |
| Uniform Resource Identifier | <a href="https://shs.cairn.info/revue-empan-2006-1-page-92?lang=fr&redirect-ssocas=7080">https://shs.cairn.info/revue-empan-2006-1-page-92?lang=fr&redirect-ssocas=7080</a> |
Pas d'exemplaire disponible.




Réseaux sociaux